000 01036nam a2200253 i 4500
001 47262
003 ES-MaACL
005 20230906161529.0
007 t|
008 030404s1973 sp ||||1| spa d
100 1 _aCooper, Brian.
_940380
245 1 0 _aEpidemiología psiquiátrica /
_cpor Brian Cooper y H.G. Morgan ; prólogo de Michael Shepherd ; traducción Alejandro Tarnopolsky.
260 _aMadrid :
_bPatronato Nacional de Asistencia Psiquiátrica,
_c1973.
300 _a237 p. :
_bil. ;
_c24 cm.
490 1 _aPublicaciones del Patronato Nacional de Asistencia Psiquiátrica. Monografías
650 4 _aEnfermedades mentales-
_xEpidemiología.
_9173392
700 1 _aMorgan, H. G.
_9182131
700 1 _aShepherd, Michael.
_9106089
700 1 _aTarnopolsky, Alejandro.
_9109306
710 2 _aPatronato Nacional de Asistencia Psiquiátrica (España)
_96191
830 1 _aPublicaciones del Patronato Nacional de Asistencia Psiquiátrica. Monografías
_9181099
852 _aES-MaACL
_jE-7526
999 _c47262
_d47262